000 00601nam a2200193Ia 4500
005 20250508151652.0
008 008 250505s9999 xx 000 0 eng d
037 _aTextual
040 _aFEDL
_beng
_cFEDL
041 _aeng
_2eng
084 _a300.7, LAC
_qFEDL
100 _aLacey Joy Muchmore
_9759716
245 0 _aSocial studies concepts of children in the first three grades
260 _aNew York, USA
_bTeachers College Columbia University
_c1932
300 _a90p.
650 _aSocial Science - Teaching
_9756799
942 _cTEXL
_h300.7, LAC
999 _c1331283
_d1331283